Wielki Quiz o Europie Universalis IV - Statystyki

Ogólne statystyki
  • Ten quiz został rozwiązany 247 razy
  • Średni wynik to 7 z 16
Statystyki odpowiedzi
Zagadnienie Odpowiedź % Poprawnych
DLC skupiające się na Indiach Dharma
91%
Kto należy do HRE (1444) Śląsk
73%
Jaki kraj ma największą armie na start rozgrywki (1444) Ming
72%
Ile państw ma ponad 1000 Dev (1444) 1
69%
Prowincja o id 1 to Sztokholm
47%
Jakie państwo może odtworzyć Cesarstwo Rzymskie Każde który posiada prowincje ''Roma''
46%
Który kraj po podbiciu wszystkich prowincji danej kultury uczyni ją akceptowalną Munghals
46%
Historyczną przyjaźń mają ze sobą Zakon Krzyżacki i Zakon Liwoński
41%
Ile państw ma 2 (lub więcej) Unie Personalne (1444) 2
36%
Państwo które na wcześniejszych wersjach gry było Historycznym rywalem Osmanów ale przestało nim być Polska
35%
10 Korupcji daje nam National Unrest -2.00
34%
Które państwo NIE jest Great powerem (1444) Moskwa
30%
Wybierz co nie pasuje do pozostałych (1444) Mongolia
25%
Jaka jest najbardziej rozwinięta developmentowo prowincja na świecie (1444) Nanjing
24%
Historycznym rywalem NIE są Rosja i Commonwealth
20%
100 Legitimacy daje nam Tolerance of Heretics + 1.00
12%
Nie znaleziono quizów pasujących do podanych kryteriów
Rozkład punktacji
Procent ludzi z każdym wynikiem
Percentyl według liczby udzielonych odpowiedzi
Twoja historia wyników
Nie rozwiązałeś tego quizu